00665naa a22001337i 45000010005000000030009000050050017000140080041000310400029000720410008001011000115001092450122002247730185003468902KOSZ 00520180504123700.0180310s2012 sl |||f| ||||1|| 0 pol d cKOSZ 005/HRaKOSZ 005/HR0 apol1 aZALESKA, Beata.bPolitechnika Koszalińska - Wydział Nauk Ekonomicznych,cKatedra Rachunkowości.d1996 - .10aRegulatory mechanisms of the Polish health services market in the light of current legal provisions /cBeata Zaleska.0 iW :tProceedings in Electronic International Interdisciplinary EIIC 2012 : Conference EDIS. -dZilina : Publishing Institution of the University of Zilina, 2012. -gs. 379 – 383.